| 000 | 00810nam a2200265Ia 4500 | ||
|---|---|---|---|
| 001 | 11056 | ||
| 003 | GE_BSU | ||
| 008 | 181216s||||||||xx |||||||||||||| ||und|| | ||
| 020 | _a9783867418300 | ||
| 040 | _cGE_BSU | ||
| 080 | _a37.013 | ||
| 100 | _aStephens,Paul. | ||
| 245 | _aSOCIAL PEDAGOGY Heart and Head. | ||
| 245 | _bStudies in Comparative Social Pedagogies and International Social Work and Social Policy, vol.XXIV | ||
| 245 | _cEditor of the series Peter Herrman. | ||
| 260 | _aUSA. | ||
| 260 | _bEHV. | ||
| 260 | _c2013. | ||
| 300 | _a157p;22cm. | ||
| 520 | _aშემოსულია ტემპუსის პროექტით. | ||
| 541 | _h111Gel. | ||
| 653 | _aSOCIAL PEDAGOGY Heart and Head. | ||
| 653 | _aტემპუსის პროექტით | ||
| 942 | _cBK | ||
| 999 |
_c44298 _d44298 |
||